[Event "SVK-chT1W 2425"]
[Site "Slovakia"]
[Date "2024.12.08"]
[Round "4.6"]
[White "Balluch, Ivan"]
[Black "Joba, Arpad"]
[Result "0-1"]
[WhiteElo "1956"]
[BlackElo "2103"]
[PlyCount "68"]
[EventDate "2024.11.16"]
[EventType "team-tourn"]
[EventRounds "11"]
[EventCountry "SVK"]
[SourceTitle "CB14_2025"]
[SourceDate "2024.11.01"]
[SourceVersion "1"]
[SourceVersionDate "2024.11.01"]
[SourceQuality "1"]
[WhiteTeam "Trencin PK"]
[BlackTeam "Komarno II"]
[WhiteTeamCountry "SVK"]
[BlackTeamCountry "SVK"]

1. Nf3 Nf6 2. c4 g6 3. Nc3 Bg7 4. d4 0-0 5. e4 d6 6. Be2 e5 7. dxe5 dxe5 8. Be3 c6 9. Qc2 Qe7 10. h3 Nbd7 11. a3 Ne8 12. g4 Nc7 13. Qd2 Nc5 14. Qc2 a5 15. Rd1 N7e6 16. b4 axb4 17. axb4 Na6 18. b5 Nac5 19. 0-0 Ra3 20. Nd5 cxd5 21. cxd5 Nd4 22. Nxd4 exd4 23. Bxd4 Bxd4 24. Rxd4 Rxh3 25. f4 Qh4 26. Bf3 Rg3+ 27. Bg2 Qxg4 28. b6 Nd7 29. Rb4 Nf6 30. Rf2 Qh4 31. Qd2 Bh3 32. e5 Ng4 33. f5 Bxg2 34. Rxg2 Qh2+ 0-1

[Event "SVK-chT2B 2324"]
[Site "Slovakia"]
[Date "2024.02.10"]
[Round "8.6"]
[White "Batora, Matej"]
[Black "Balluch, Ivan"]
[Result "1-0"]
[WhiteElo "2127"]
[BlackElo "1897"]
[PlyCount "129"]
[EventDate "2023.10.07"]
[EventType "team-tourn"]
[EventRounds "11"]
[EventCountry "SVK"]
[SourceTitle "EXT 2025"]
[Source "ChessBase"]
[SourceDate "2024.10.14"]
[SourceVersion "1"]
[SourceVersionDate "2024.10.14"]
[SourceQuality "1"]
[WhiteTeam "Tlmace"]
[BlackTeam "Trencin"]
[WhiteTeamCountry "SVK"]
[BlackTeamCountry "SVK"]

1. e4 c5 2. Nf3 d6 3. d4 cxd4 4. Nxd4 Nf6 5. Nc3 a6 6. f3 e5 7. Nb3 Be6 8. Be3 b5 9. Qd2 Be7 10. g4 Nbd7 11. g5 Nh5 12. 0-0-0 Nb6 13. Kb1 0-0 14. Nd5 Bxd5 15. exd5 Nc4 16. Bxc4 bxc4 17. Na5 c3 18. Qxc3 Bxg5 19. Nb7 Qb8 20. Bxg5 Qxb7 21. Rhg1 Rfc8 22. Qd3 Rab8 23. b3 a5 24. Rg4 g6 25. Rh4 Ng7 26. f4 exf4 27. Bf6 Qd7 28. Rxf4 Nh5 29. Bb2 Rxc2 30. Qxc2 Nxf4 31. Ka1 Rc8 32. Qd2 Qf5 33. Rf1 g5 34. Qd4 f6 35. h4 h6 36. hxg5 hxg5 37. Qa7 Qh3 38. Re1 Nxd5 39. Qxa5 Qd3 40. Qa7 Qf5 41. Qd4 Kg7 42. a3 Rc2 43. Qa7+ Rc7 44. Qd4 Rc2 45. Rd1 Rc5 46. b4 Rb5 47. Qa7+ Kg8 48. Qa8+ Kf7 49. Qc6 Ne3 50. Rxd6 Qf1+ 51. Ka2 Qc4+ 52. Qxc4+ Nxc4 53. Rxf6+ Ke7 54. Bc3 Nd6 55. Rg6 Ne4 56. Bd4 Rd5 57. Bb2 Kd7 58. Kb3 Rd2 59. a4 Rg2 60. a5 Kc7 61. Be5+ Kb7 62. a6+ Ka8 63. Bd4 Rg3+ 64. Ka4 Nc3+ 65. Ka5 1-0

[Event "SVK-chT3B2 1920"]
[Site "Slovakia"]
[Date "2020.06.21"]
[Round "10.4"]
[White "Balluch, Ivan"]
[Black "Cernicky, Jan"]
[Result "1-0"]
[WhiteElo "1896"]
[BlackElo "1559"]
[PlyCount "61"]
[EventDate "2019.10.06"]
[EventType "team-tourn"]
[EventRounds "11"]
[EventCountry "SVK"]
[SourceTitle "EXT 2022"]
[Source "ChessBase"]
[SourceDate "2021.10.06"]
[SourceVersion "1"]
[SourceVersionDate "2021.10.06"]
[SourceQuality "1"]
[WhiteTeam "Trencin II"]
[BlackTeam "Dubnica nad Vahom IV"]
[WhiteTeamCountry "SVK"]
[BlackTeamCountry "SVK"]

1. Nf3 b6 2. c4 Bb7 3. e3 e6 4. Nc3 Nf6 5. b3 Be7 6. Be2 0-0 7. Bb2 d5 8. 0-0 dxc4 9. bxc4 Nbd7 10. d4 Ne4 11. Nxe4 Bxe4 12. Bd3 Bxd3 13. Qxd3 c5 14. d5 exd5 15. cxd5 Bf6 16. Bxf6 Nxf6 17. e4 Re8 18. Rfe1 Ng4 19. Rad1 Qf6 20. Qd2 Rad8 21. h3 Ne5 22. Nxe5 Qxe5 23. f4 Qh5 24. e5 Qh6 25. d6 g6 26. Kh2 Qg7 27. Qd5 Kh8 28. Qb7 f5 29. d7 Re7 30. Qc7 Rexd7 31. Qxd8+ 1-0

[Event "SVK-chT3B2 1920"]
[Site "Slovakia"]
[Date "2020.02.09"]
[Round "8.3"]
[White "Huska, Jan"]
[Black "Balluch, Ivan"]
[Result "1-0"]
[WhiteElo "1784"]
[BlackElo "1896"]
[PlyCount "53"]
[EventDate "2019.10.06"]
[EventType "team-tourn"]
[EventRounds "11"]
[EventCountry "SVK"]
[SourceTitle "CBM 195 Extra"]
[Source "ChessBase"]
[SourceDate "2020.05.31"]
[SourceVersion "1"]
[SourceVersionDate "2020.05.31"]
[SourceQuality "1"]
[WhiteTeam "Bojnice"]
[BlackTeam "Trencin II"]
[WhiteTeamCountry "SVK"]
[BlackTeamCountry "SVK"]

1. d4 Nf6 2. Bf4 e6 3. e3 c5 4. c3 Be7 5. Bd3 d5 6. Nd2 Nc6 7. h3 a6 8. a4 Bd6 9. Bxd6 Qxd6 10. Ngf3 0-0 11. 0-0 Bd7 12. Qb1 h6 13. Rd1 c4 14. Bc2 b5 15. axb5 axb5 16. e4 dxe4 17. Nxe4 Nxe4 18. Bxe4 Rxa1 19. Qxa1 Ne7 20. Ne5 f6 21. Nxd7 Qxd7 22. Qa6 e5 23. Bf3 exd4 24. Rxd4 Qf5 25. Qd6 Ng6 26. Bd5+ Kh8 27. Be4 1-0

[Event "SVK-chT3B2 1819"]
[Site "Slovakia"]
[Date "2019.03.24"]
[Round "10.3"]
[White "Danko, Frantisek"]
[Black "Balluch, Ivan"]
[Result "1/2-1/2"]
[WhiteElo "1822"]
[BlackElo "1906"]
[PlyCount "78"]
[EventDate "2018.10.21"]
[EventType "team-tourn"]
[EventRounds "11"]
[EventCountry "SVK"]
[SourceTitle "CBM 189 Extra"]
[Source "ChessBase"]
[SourceDate "2019.05.31"]
[SourceVersion "1"]
[SourceVersionDate "2019.05.31"]
[SourceQuality "1"]
[WhiteTeam "Handlova"]
[BlackTeam "Trencin "]
[WhiteTeamCountry "SVK"]
[BlackTeamCountry "SVK"]

1. e4 c5 2. Nf3 d6 3. d4 cxd4 4. Nxd4 Nf6 5. Nc3 a6 6. Be2 e6 7. Be3 Be7 8. 0-0 e5 9. Nb3 b5 10. f3 Bb7 11. Qd2 Nbd7 12. Bd3 Nc5 13. Nxc5 dxc5 14. Qf2 Qc7 15. b3 0-0 16. Rfd1 Rfd8 17. a4 c4 18. Bb6 Qc6 19. Nd5 Nxd5 20. exd5 Qxd5 21. Bxh7+ Kxh7 22. Rxd5 Rxd5 23. h4 cxb3 24. cxb3 bxa4 25. bxa4 Rc8 26. Rb1 Rc4 27. Be3 Bc6 28. Qe2 Rc3 29. Bf2 a5 30. Rd1 Rxd1+ 31. Qxd1 g6 32. Qe1 Rc4 33. Qxe5 Bxh4 34. Bxh4 Rxh4 35. Qxa5 Rxa4 36. Qc7 Bd5 37. Qh2+ Kg8 38. Qb8+ Kh7 39. Qh2+ Kg8 1/2-1/2

[Event "SVK-chT3B2 1718"]
[Site "Slovakia"]
[Date "2017.12.03"]
[Round "5.2"]
[White "Balluch, Ivan"]
[Black "Cernicky, Jan"]
[Result "1-0"]
[WhiteElo "1897"]
[BlackElo "1642"]
[PlyCount "59"]
[EventDate "2017.10.08"]
[EventType "team-tourn"]
[EventRounds "11"]
[EventCountry "SVK"]
[SourceTitle "EXT 2019"]
[Source "ChessBase"]
[SourceDate "2018.10.10"]
[SourceVersion "1"]
[SourceVersionDate "2018.10.10"]
[SourceQuality "1"]
[WhiteTeam "Trencin II"]
[BlackTeam "Dubnica nad Vahom IV"]
[WhiteTeamCountry "SVK"]
[BlackTeamCountry "SVK"]

1. c4 e6 2. Nc3 Nf6 3. g3 d5 4. cxd5 Nxd5 5. Bg2 Nxc3 6. bxc3 Be7 7. Rb1 c6 8. Nf3 0-0 9. 0-0 Nd7 10. d4 Nb6 11. Qb3 Qc7 12. Bf4 Bd6 13. Bxd6 Qxd6 14. c4 Qd7 15. Rfd1 Qc7 16. Qc2 g6 17. h4 Qe7 18. Ne5 Nd7 19. Nxd7 Qxd7 20. c5 Qc7 21. Bf3 Kg7 22. Kg2 Rb8 23. h5 g5 24. h6+ Kh8 25. e4 f5 26. exf5 exf5 27. d5 cxd5 28. Qc3+ Kg8 29. Bxd5+ Rf7 30. Qg7# 1-0

[Event "Pardubice Czech op-B 28th"]
[Site "Pardubice"]
[Date "2017.07.21"]
[Round "1"]
[White "Certek, Pavel"]
[Black "Balluch, Ivan"]
[Result "1-0"]
[WhiteElo "2276"]
[BlackElo "1938"]
[PlyCount "31"]
[EventDate "2017.07.21"]
[EventType "swiss"]
[EventRounds "9"]
[EventCountry "CZE"]
[SourceTitle "CBM 179 Extra"]
[Source "ChessBase"]
[SourceDate "2017.08.23"]
[SourceVersion "1"]
[SourceVersionDate "2017.08.23"]
[SourceQuality "1"]

1. d4 Nf6 2. Nf3 e6 3. c4 b6 4. e3 Bb7 5. Bd3 Be7 6. Nc3 d5 7. b3 0-0 8. Bb2 c5 9. 0-0 Nc6 10. Qe2 dxc4 11. bxc4 cxd4 12. exd4 Nxd4 13. Nxd4 Qxd4 14. Nd5 Qc5 15. Bxf6 Bxf6 16. Qe4 1-0

[Event "SVK-chT2B 1213"]
[Site "Slovakia"]
[Date "2012.12.16"]
[Round "6.5"]
[White "Balluch, Ivan"]
[Black "Garban, Mario"]
[Result "0-1"]
[WhiteElo "1932"]
[BlackElo "1997"]
[PlyCount "138"]
[EventDate "2012.10.13"]
[EventType "team-tourn"]
[EventRounds "11"]
[EventCountry "SVK"]
[SourceTitle "EXT 2015"]
[Source "ChessBase"]
[SourceDate "2014.11.20"]
[SourceVersion "1"]
[SourceVersionDate "2014.11.20"]
[SourceQuality "1"]
[WhiteTeam "Trencin II"]
[BlackTeam "Prievidza II"]
[WhiteTeamCountry "SVK"]
[BlackTeamCountry "SVK"]

1. e4 e5 2. Nf3 Nc6 3. Bb5 d6 4. c3 Bd7 5. 0-0 Nf6 6. Re1 Be7 7. h3 0-0 8. d4 exd4 9. cxd4 d5 10. exd5 Nxd5 11. Nc3 Nf6 12. Bg5 Nb4 13. Bc4 Bf5 14. Rc1 c6 15. a3 Nbd5 16. Qb3 Nb6 17. Bf1 h6 18. Bf4 Bd6 19. Be5 Rb8 20. Na4 Be6 21. Qc2 Bd5 22. Nxb6 axb6 23. Qf5 Be6 24. Qf4 Nd5 25. Qg3 Bxe5 26. dxe5 Bf5 27. Nd4 Ne7 28. Rcd1 Qc8 29. Qb3 b5 30. Rc1 Qd7 31. Red1 Qe8 32. f4 Be4 33. Qe3 Bd5 34. f5 Qc8 35. g4 Qd8 36. e6 fxe6 37. Nxe6 Qe8 38. Nxf8 Qxf8 39. Qc5 Qf6 40. Re1 Nxf5 41. Qf2 Nd4 42. Qxf6 gxf6 43. Red1 Nf3+ 44. Kf2 Ne5 45. Kg3 Kf7 46. Rc3 Rg8 47. Bd3 h5 48. Bf5 hxg4 49. hxg4 Nxg4 50. Bxg4 Be6 51. Rd4 f5 52. Rf4 Ke7 53. Re3 fxg4 54. Rfe4 Rg6 55. Kf4 Kd6 56. Re5 g3 57. Rg5 Rxg5 58. Kxg5 g2 59. Rg3 Bd5 60. Kf4 Kc5 61. b4+ Kd4 62. Kf5 Be4+ 63. Kf4 b6 64. Rg7 c5 65. bxc5 bxc5 66. a4 bxa4 67. Rg3 a3 68. Rb3 g1Q 69. Rb4+ Kc3 0-1

[Event "SVK-chT2B 1112"]
[Site "Slovakia"]
[Date "2012.02.25"]
[Round "10.6"]
[White "Balluch, Ivan"]
[Black "Cvirik, Vladimir"]
[Result "1/2-1/2"]
[WhiteElo "1930"]
[BlackElo "1920"]
[PlyCount "72"]
[EventDate "2011.10.08"]
[EventType "team-tourn"]
[EventRounds "11"]
[EventCountry "SVK"]
[SourceTitle "EXT 2013"]
[Source "ChessBase"]
[SourceDate "2012.11.22"]
[SourceVersion "1"]
[SourceVersionDate "2012.11.22"]
[SourceQuality "1"]
[WhiteTeam "Trencin SK II"]
[BlackTeam "Surany Lokomotiva"]
[WhiteTeamCountry "SVK"]
[BlackTeamCountry "SVK"]

1. e4 c5 2. c4 Nc6 3. g3 g6 4. Bg2 Bg7 5. Ne2 e6 6. Nbc3 Nge7 7. 0-0 0-0 8. d3 d6 9. Be3 e5 10. f4 f5 11. Qd2 Be6 12. Rad1 a6 13. b3 b6 14. fxe5 dxe5 15. Bg5 Rc8 16. Nd5 Bxd5 17. exd5 Nd4 18. Nxd4 cxd4 19. Qb4 Bf6 20. Bxf6 Rxf6 21. Rde1 Qc7 22. Qd2 Re8 23. g4 f4 24. Re4 g5 25. Rfe1 Ng6 26. Bf3 Re7 27. Qf2 Kf7 28. R4e2 h6 29. Be4 Nh4 30. h3 Qd7 31. Bf3 Qd6 32. Rc2 a5 33. Qe2 Qb4 34. Rf1 Qc5 35. Qe4 Kg7 36. Kf2 Qd6 1/2-1/2